Statistics for Thorpe Park Quiz

Click here to take the quiz!

General Stats

  • This quiz has been taken 40 times
  • The average score is 15 of 25

Answer Stats

QuestionAnswer% Correct
How many inversions does Stealth have?0
85%
How many inversions does Colossus have?10
79%
What rollercoaster can roll back?Stealth
79%
What is the codename for the new rollercoaster opening in 2024?Project Exodus
74%
When was SAW the Ride opened?2009
71%
What is the old railway called?Canada Creek Railway
71%
What manufacturer is the new rollercoaster opening in 2024?Mack
71%
What area is Stealth in?Amity
68%
What manufacturer is Stealth?Intamin
68%
How tall will the new rollercoaster opening in 2024 be?236 feet
65%
How many inversions does SAW: the Ride have?3
65%
What type of coaster is the flying fish?Powered
65%
Which rollercoaster had the slogan: "Face your fears"?SAW: the Ride
65%
What year did The Swarm open?2012
62%
How many inversions does Nemesis Inferno have?4
62%
What rollercoaster did The Walking Dead: the Ride used to be?X:/ No Way Out
62%
When did Thorpe Park open?1979
50%
As of 2023, which rollercoaster turns 20?Nemesis Inferno
47%
How old is Colossus as of 2023?21
44%
How many Rollercoasters are in Amity?2
38%
How many areas are there?5
38%
What is stealth's acceleration?0-80mph in 1.9 secs
35%
When was the first fright nights?2002
35%
How many inversions does The Swarm have?5
26%
Is Nemesis Inferno the only B&M Inverted Coaster open in England?Yes
26%

Score Distribution

Percentile by Number Answered

Percent of People with Each Score

Your Score History

You have not taken this quiz